000 00751nam a2200265Ia 4500
003 OSt
005 20220925210210.0
006 a|||||r|||| 00| 0
007 ta
008 220923b |||||||| |||| 00| 0 eng d
020 _a0256023395
037 _cGeneral Book
040 _aRTL
_cRTL
_beng
041 _2eng
_aeng
082 _aX:517-75.73.N7, M1
100 _aStelzer Irwin M
_9272085
245 0 _aSelected antitrust cases
_b Landmark decisions
250 _aEd 6
260 _aIllinois
_bRichard D Irwin
_c1981
300 _axi,526p
_ccm.
650 _aMonopoly
700 _a Kitt Howard P
_9272086
942 _hX:517-75.73.N7, M1
_cGB
_2CC
999 _c554395
_d554395